00354nam a22001337a 450000500170000000800410001704100120005808200130007010000120008324500260009526000490012130000250017065000250019520240726094932.0240726b |||||||| |||| 00| 0 eng d aEnglish a349 SUP  lEnglish aSupreme Court Reports aCape Town: bJuta and Company Ltd, c1890-91 b340 pages; c25 cm.  aLegal practicebLaw